00737nam a2200193 a 450000100100000000500170001000800410002704000250006808200150009310000570010824500720016526000750023730000200031250000420033250400300037404900090040495201130041399900170052600002567120200930023948.0110221s1978 dr 000 0 spa d aDO-SdBNPbspacBNPHU axxxbF673a1 aFondo Para el Avance de las Ciencias Sociales95242613aLa antropología en la República Dominicana :buna evaluación. aSanto Domingo :bFondo para el Avance de las Ciencias Sociales,c1978. a74 p. ;c22 cm. aIncluye notas al pie de las páginas aBibliografía : p. 73-74 aBNPD 0010718PDaPDbPDcCTd2011-02-21iLF1l0oxxx F673ap25671-10r2020-06-25w2020-06-25yLFPDZNo se presta c25163d25163